NFL Final 4 teams every year in the Super Bowl era - Statistics

General Stats
  • This quiz has been taken 1,492 times
    421 since last reset
  • The average score is 50 of 72
Answer Stats
Year Champions Runner up Semi-finalists Semi-finalists % Correct
1966 Packers Chiefs Cowboys Bills
94%
2024 Eagles Chiefs Bills Commanders
91%
2023 Chiefs 49ers Lions Ravens
89%
Bills
86%
1969 Chiefs Vikings Raiders Browns
86%
2020 Buccaneers Chiefs Packers Bills
85%
1981 49ers Bengals Cowboys Chargers
84%
2022 Chiefs Eagles Bengals 49ers
84%
2021 Rams Bengals Chiefs 49ers
84%
Bengals
82%
2019 Chiefs 49ers Titans Packers
82%
2018 Patriots Rams Chiefs Saints
81%
2017 Eagles Patriots Jaguars Vikings
80%
2001 Patriots Rams Eagles Steelers
80%
2016 Patriots Falcons Packers Steelers
80%
2012 Ravens 49ers Falcons Patriots
79%
2014 Patriots Seahawks Packers Colts
78%
2013 Seahawks Broncos 49ers Patriots
78%
2015 Broncos Panthers Patriots Cardinals
77%
Commanders
77%
1999 Rams Titans Jaguars Buccaneers
76%
1967 Packers Raiders Cowboys Oilers
75%
2009 Saints Colts Vikings Jets
74%
1997 Broncos Packers Steelers 49ers
73%
Falcons
73%
2011 Giants Patriots Ravens 49ers
73%
1968 Jets Colts Raiders Browns
73%
1970 Colts Cowboys Raiders 49ers
72%
2010 Packers Steelers Jets Bears
72%
Panthers
72%
2003 Patriots Panthers Colts Eagles
72%
2004 Patriots Eagles Steelers Falcons
72%
2008 Steelers Cardinals Eagles Ravens
72%
1976 Raiders Vikings Rams Steelers
71%
1971 Cowboys Dolphins 49ers Colts
70%
2007 Giants Patriots Packers Chargers
70%
Lions
70%
1985 Bears Patriots Dolphins Rams
69%
1993 Cowboys Bills 49ers Chiefs
69%
1974 Steelers Vikings Raiders Rams
69%
Titans
69%
Vikings
69%
2006 Colts Bears Patriots Saints
68%
1992 Cowboys Bills 49ers Dolphins
68%
Cardinals
67%
1972 Dolphins Redskins Steelers Cowboys
67%
2005 Steelers Seahawks Broncos Panthers
67%
2002 Buccaneers Raiders Titans Eagles
66%
1995 Cowboys Steelers Packers Colts
64%
2000 Ravens Giants Raiders Vikings
64%
1998 Broncos Falcons Vikings Jets
63%
1978 Steelers Cowboys Oilers Rams
63%
1994 49ers Chargers Cowboys Steelers
62%
1973 Dolphins Vikings Cowboys Raiders
62%
1990 Giants Bills 49ers Raiders
61%
1996 Packers Patriots Panthers Jaguars
61%
1988 49ers Bengals Bills Bears
60%
1989 49ers Broncos Browns Rams
60%
Jaguars
60%
1991 Redskins Bills Lions Broncos
60%
1975 Steelers Cowboys Raiders Rams
60%
1982 Redskins Dolphins Cowboys Jets
58%
1979 Steelers Rams Oilers Buccaneers
58%
1984 49ers Dolphins Steelers Bears
57%
Chargers
56%
1977 Cowboys Broncos Raiders Vikings
55%
1987 Redskins Broncos Browns Vikings
54%
1986 Giants Broncos Browns Redskins
53%
1980 Raiders Eagles Chargers Cowboys
53%
1983 Raiders Redskins 49ers Seahawks
51%
Browns
45%
Oilers
43%
No matching quizzes found
Score Distribution
Percent of People with Each Score
Percentile by Number Answered
Your Score History
You have not taken this quiz since the last reset